| 000 | 00717nam a2200193 i 4500 | ||
|---|---|---|---|
| 001 | 186442 | ||
| 003 | ES-MaACL | ||
| 005 | 20230906222654.0 | ||
| 008 | 161114s1963 sp |||| | spa d | ||
| 100 | 0 |
_aArozamena Izur, Clemente. _923175 |
|
| 245 | 1 | 3 |
_aEl terreno agrícola _b: formación y composición del suelo, propiedades, estudio y análisis, defensa y conservación de los suelos / _cpor Clemente Arozamena Izur. |
| 260 |
_aBarcelona : _bSintes, _c1963. |
||
| 300 |
_a511 p. : _bil. ; _c22 cm. |
||
| 490 | 1 |
_aEnciclopedia Práctica del Agricultor ; _v3 |
|
| 650 | 0 | 4 |
_aSuelos. _917249 |
| 830 | 0 |
_aEnciclopedia Práctica del Agricultor ; _v3 _9192561 |
|
| 852 |
_aES-MaACL _jE-4814 |
||
| 999 |
_c186442 _d186442 |
||